Исследование диаграммы направленности линейного ультразвукового преобразователя с фазированной решёткой; Научная инициатива иностранных студентов и аспирантов российских вузов

Podrobná bibliografie
Parent link:Научная инициатива иностранных студентов и аспирантов российских вузов.— 2019.— [С. 86-92]
Hlavní autor: Ду Хаолун
Korporativní autor: Национальный исследовательский Томский политехнический университет Инженерная школа неразрушающего контроля и безопасности Отделение электронной инженерии
Další autoři: Солдатов А. И. Алексей Иванович (научный руководитель)
Shrnutí:Заглавие с экрана
Jazyk:ruština
Vydáno: 2019
Edice:Актуальные проблемы инженерных наук
Témata:
On-line přístup:http://earchive.tpu.ru/handle/11683/56560
Médium: MixedMaterials Elektronický zdroj Kapitola
KOHA link:https://koha.lib.tpu.ru/cgi-bin/koha/opac-detail.pl?biblionumber=630264

MARC

LEADER 00000naa2a2200000 4500
001 630264
005 20231101133613.0
035 |a (RuTPU)RU\TPU\conf\31215 
035 |a RU\TPU\conf\31212 
090 |a 630264 
100 |a 20191023d2019 k y0rusy50 ca 
101 0 |a rus 
102 |a RU 
105 |a y z 101zy 
135 |a drgn ---uucaa 
181 0 |a i  
182 0 |a b 
200 1 |a Исследование диаграммы направленности линейного ультразвукового преобразователя с фазированной решёткой  |f Ду Хаолун  |g науч. рук. А. И. Солдатов 
203 |a Текст  |c электронный 
225 1 |a Актуальные проблемы инженерных наук 
230 |a 1 компьютерный файл (pdf; 1 135 Kb) 
300 |a Заглавие с экрана 
320 |a [Библиогр.: с. 92 (3 назв.)] 
463 0 |0 (RuTPU)RU\TPU\conf\30816  |t Научная инициатива иностранных студентов и аспирантов российских вузов  |o сборник докладов IX Всероссийской научно-практической конференции, Томск, 24-26 апреля 2019 г.  |f Национальный исследовательский Томский политехнический университет (ТПУ)  |v [С. 86-92]  |d 2019 
610 1 |a электронный ресурс 
610 1 |a труды учёных ТПУ 
610 1 |a диаграммы направленности 
610 1 |a ультразвуковые преобразователи 
610 1 |a линейные преобразователи 
610 1 |a фазированные решетки 
700 0 |a Ду Хаолун 
702 1 |a Солдатов  |b А. И.  |c специалист в области электроники  |c профессор Томского политехнического университета, доктор технических наук  |f 1958-  |g Алексей Иванович  |2 stltpush  |4 727 
712 0 2 |a Национальный исследовательский Томский политехнический университет  |b Инженерная школа неразрушающего контроля и безопасности  |b Отделение электронной инженерии  |h 7977  |2 stltpush  |3 (RuTPU)RU\TPU\col\23507 
801 2 |a RU  |b 63413507  |c 20191028  |g RCR 
856 4 |u http://earchive.tpu.ru/handle/11683/56560 
942 |c BK